Shows at Which Broadway Theatre - Statistics

General Stats
  • This quiz has been taken 21 times
  • The average score is 16 of 36
Answer Stats
Hint Answer % Correct
Minskoff The Lion King
81%
Gershwin Wicked
81%
Richard Rogers Hamilton
75%
Eugene O' Neil Book of Mormon
69%
Stephen Sondeim & Juliet
69%
Broadway The Great Gatsby
69%
Majestic Gypsy
63%
Walter Kerr Hadestown
63%
Bernard B Jacobs The Outsiders
63%
New Amsterdam Aladdin
56%
Winter Garden Back to the Future
56%
Lyric Harry Potter and the Cursed Child
56%
Al Hierschfeld Moulin Rouge
56%
Lena Horne Six
56%
August Wilson Cabaret
50%
Ambassador Chicago
50%
Lunt-Fontanne Death Becomes Her
50%
Belasco Maybe Happy Ending
50%
Neil Simon MJ
50%
St. James Sunset Blvd
50%
Shubert Hell's Kitchen
44%
Circle in the Square Romeo + Juliet
44%
Lyceum Oh, Mary!
38%
Music Box Suffs
38%
Marquis Elf
31%
John Golden Stereophonic
31%
Longacre Swept Away
31%
Hudson All In
25%
Gerald Shoenfeld The Notebook
25%
Booth The Roomate
25%
Studio 54 A Wonderful World: The Louis Armstrong Musical
19%
Helen Hayes Cult of Love
19%
James Earl Jones Left on Tenth
19%
Broadhurst The Hills of California
19%
Samuel J Friedman Eureka Day
13%
Ethel Barrymore Our Town
13%
No matching quizzes found
Score Distribution
Percent of People with Each Score
Percentile by Number Answered
Your Score History
You have not taken this quiz